ქართული ენა : (ბიბ.ჩანაწერი № 51413)
[ მარტივი ფორმატი ]
| 000 -ლიდერი | |
|---|---|
| ფიქსირებული სიგრძის საკონტროლო ველი | 01110nam a2200217Ia 4500 |
| 001 - საკონტროლო ნომერი | |
| საკონტროლო ველი | 18398 |
| 003 - საკონტროლო ნომრის იდენტიფიკატორი | |
| საკონტროლო ველი | GE_BSU |
| 005 - ბოლო ოპერაციის თარიღი და დრო | |
| საკონტროლო ველი | 20210706130428.0 |
| 008 - ფიქსირებული სიგრძის მონაცემთა ელემენტები - ზოგადი ინფორმაცია | |
| ფიქსირებული სიგრძის საკონტროლო ველი | 181216s ||||ge |||||||||||||| ||geo|| |
| 040 ## - კატალოგიზაციის წყარო | |
| Transcribing agency | GE_BSU |
| 041 ## - ენის კოდი | |
| Language code of text/sound track or separate title | geo |
| 080 ## - უნივერსალური ათობითი კლასიფიკაციის ინდექსი | |
| Universal Decimal Classification number | 811.353.1-84 ო-46 |
| 100 ## - მთავარი ჩანაწერი - პიროვნების სახელი | |
| Personal name | ომიაძე, სალომე |
| 9 (RLIN) | 12195 |
| 245 ## - ცნობა სათაურის შესახებ | |
| Title | ქართული ენა : |
| Remainder of title | სასწავლო მასალები არაქართულენოვანი მასწავლებლებისთვის : 1 მწვრთნელის სახელმძღვანელო / |
| Statement of responsibility, etc | სალომე ომიაძე, თამარ ჯაყელი; რედ. თ. ცერაძე. |
| 264 ## - წარმოების, გამოცემის, დისტრიბუციის და სხვა ცნობები | |
| გამოცემის, წარმოების, დისტრიბუციის... ადგილი | თბილისი. |
| 300 ## - ფიზიკური აღწერა | |
| Extent | 199 გვ.. |
| Other physical details | 29 სმ. |
| 490 ## - სერიის ცნობა | |
| Series statement | მასწავლებელთა პროფესიული განვითარების ეროვნული ცენტრი |
| 653 ## - INDEX TERM--UNCONTROLLED | |
| Uncontrolled term | ქართული ენა |
| 700 ## - ADDED ENTRY--PERSONAL NAME | |
| Personal name | ჯაყელი,თამარ |
| Relator term | ავტორი |
| 9 (RLIN) | 12196 |
| 942 ## - ADDED ENTRY ELEMENTS (KOHA) | |
| Koha item type | წიგნი |
| Source of classification or shelving scheme | |
| ჩამოწერის სტატუსი | დაკარგული ეგზემპლარის სტატუსი | კლასიფიკაციის წყარო ან თაროზე გაწყობის სქემა | დაზიანების სტატუსი | არ გაიცემა | მუდმივი მდებარეობა (დაცვის ადგილი) | ამჟამინდელი ადგილსამყოფელი | თაროზე განთავსების ადგილი | შეძენის თარიღი | ღირებულება, შესყიდვის ნორმალური ფასი | სრული შენახვის შიფრი | შტრიხკოდი | ბოლო ოპერაციის თარიღი | ეგზემპლარის მიმდევრობითი ნომერი (კეტერი?) | ფასის ძალაში შესვლის თარიღი | ეგზემპლარის სახეობა | საჯარო შენიშვნა |
|---|---|---|---|---|---|---|---|---|---|---|---|---|---|---|---|---|
| ბათუმის შოთა რუსთაველის სახელმწიფო უნივერსიტეტის მთავარი ბიბლიოთეკა | ბათუმის შოთა რუსთაველის სახელმწიფო უნივერსიტეტის მთავარი ბიბლიოთეკა | წიგნსაცავი | 2018-12-17 | 38.00 | 811.353.1-84 ო-46 | 47153 | 2018-12-17 | 47153 | 2018-12-17 | წიგნი | 38 ლ. | |||||
| ბათუმის შოთა რუსთაველის სახელმწიფო უნივერსიტეტის მთავარი ბიბლიოთეკა | ბათუმის შოთა რუსთაველის სახელმწიფო უნივერსიტეტის მთავარი ბიბლიოთეკა | წიგნსაცავი | 2018-12-17 | 38.00 | 811.353.1-84 ო-46 | 47154 | 2018-12-17 | 47154 | 2018-12-17 | წიგნი | 38 ლ. | |||||
| ბათუმის შოთა რუსთაველის სახელმწიფო უნივერსიტეტის მთავარი ბიბლიოთეკა | ბათუმის შოთა რუსთაველის სახელმწიფო უნივერსიტეტის მთავარი ბიბლიოთეკა | წიგნსაცავი | 2018-12-17 | 38.00 | 811.353.1-84 ო-46 | 47155 | 2018-12-17 | 47155 | 2018-12-17 | წიგნი | 38 ლ. | |||||
| ბათუმის შოთა რუსთაველის სახელმწიფო უნივერსიტეტის მთავარი ბიბლიოთეკა | ბათუმის შოთა რუსთაველის სახელმწიფო უნივერსიტეტის მთავარი ბიბლიოთეკა | წიგნსაცავი | 2018-12-17 | 38.00 | 811.353.1-84 ო-46 | 47156 | 2018-12-17 | 47156 | 2018-12-17 | წიგნი | 38 ლ. | |||||
| ბათუმის შოთა რუსთაველის სახელმწიფო უნივერსიტეტის მთავარი ბიბლიოთეკა | ბათუმის შოთა რუსთაველის სახელმწიფო უნივერსიტეტის მთავარი ბიბლიოთეკა | წიგნსაცავი | 2018-12-17 | 38.00 | 811.353.1-84 ო-46 | 47157 | 2018-12-17 | 47157 | 2018-12-17 | წიგნი | 38 ლ. |
